书目信息 |
| 题名: |
城市绿化工程施工及验收规范 CJJ/T 82-99
|
|
| 作者: | 天津市园林管理局 主编 | |
| 分册: | ||
| 出版信息: | 北京 中国建筑工业出版社 1999.08 |
|
| 页数: | 44页 | |
| 开本: | 32开 | |
| 丛书名: | ||
| 单 册: | ||
| 中图分类: | S731.2-65 | |
| 科图分类: | ||
| 主题词: | 绿化 | |
| 电子资源: | ||
| ISBN: | ||
| 000 | 00615nam0 2200181 45 | |
| 001 | 0103061085 | |
| 005 | 20010306102609.9 | |
| 010 | @d7.00元 | |
| 100 | @a20010306d1999 km y0chiy0120 ea | |
| 101 | 0 | @achi |
| 200 | 1 | @a城市绿化工程施工及验收规范 CJJ/T 82-99@ACheng Shi Lu Hua Gong Cheng Shi Gong Ji Yan Shou GuiFan CJJ/T 82-99@f天津市园林管理局主编@FTian Jin Shi Yuan Lin Guan Li Ju Zhu Bian |
| 210 | @a北京@c中国建筑工业出版社@d1999.08 | |
| 215 | @a44页@d32开 | |
| 606 | 0 | @a绿化 |
| 690 | @aS731.2-65@v3 | |
| 701 | 0 | @a天津市园林管理局@4主编 |
| 801 | @aCN@bPftUser@c20010306 | |
| 905 | @b326030-034@dS731.2-65@eT:785@f5 | |
| 城市绿化工程施工及验收规范 CJJ/T 82-99/天津市园林管理局主编.-北京:中国建筑工业出版社,1999.08 |
| 44页;32开 |
| ISBN :7.00元 |
| ● |
| 相关链接 |
|
|
|
正题名:城市绿化工程施工及验收规范 CJJ/T 82-99
索取号:S731.2-65/T:785
 
预约/预借
| 序号 | 登录号 | 条形码 | 馆藏地/架位号 | 状态 | 备注 |
| 1 | 326030 | 203260309 | 自科库401/401自科库 1排1列4层/ [索取号:S731.2-65/T:785] | 在馆 | |
| 2 | 326031 | 203260318 | 自科库401/401自科库 1排1列4层/ [索取号:S731.2-65/T:785] | 在馆 | |
| 3 | 326032 | 203260327 | 自科库401/401自科库 1排1列4层/ [索取号:S731.2-65/T:785] | 在馆 | |
| 4 | 326033 | 203260336 | 自科库401/401自科库 1排1列4层/ [索取号:S731.2-65/T:785] | 在馆 | |
| 5 | 326034 | 203260345 | 自科库401/401自科库 1排1列4层/ [索取号:S731.2-65/T:785] | 在馆 | |
| 6 | 48921 | 200489211 | 自科库401/401自科库 1排1列4层/ [索取号:S731.2-65/T:785] | 在馆 | |
| 7 | 48922 | 200489220 | 自科库401/401自科库 1排1列4层/ [索取号:S731.2-65/T:785] | 在馆 | |
| 8 | 48923 | 200489239 | 自科库401/401自科库 1排1列4层/ [索取号:S731.2-65/T:785] | 在馆 | |
| 9 | 48924 | 200489248 | 自科库401/401自科库 1排1列4层/ [索取号:S731.2-65/T:785] | 在馆 | |
| 10 | 48925 | 200489257 | 建筑与城市规划学院资料室/201建筑库 67排7列4层/ [索取号:S731.2-65/T:785] | 在馆 |